MARC

LEADER 00000nam0a2200000 4500
001 272710
005 20231101234548.0
035 |a (RuTPU)RU\TPU\book\295919 
090 |a 272710 
100 |a 20141021d1987 k y0rusy50 ca 
101 0 |a rus 
102 |a RU 
105 |a a z 001zy 
200 1 |a Современные проблемы биокинетики  |f под ред. С. Д. Варфоломеева 
210 |a Москва  |c Изд-во Московского ун-та  |d 1987 
215 |a 256 с.  |c ил. 
320 |a Библиогр.: с. 250-255 
606 1 |a Биологическая наука  |2 stltpush  |3 (RuTPU)RU\TPU\subj\28670  |9 52184 
610 1 |a биокинетика 
610 1 |a проблемы 
610 1 |a популяции 
610 1 |a аттракторы 
610 1 |a биохимические системы 
610 1 |a ферменты 
610 1 |a эксперименты 
610 1 |a информативность 
610 1 |a обратные задачи 
610 1 |a химическая кинетика 
675 |a 577.3  |v 4 
702 1 |a Варфоломеев  |b С. Д.  |g Сергей Дмитриевич  |4 340 
801 1 |a RU  |b 63413507  |c 20141021 
801 2 |a RU  |b 63413507  |c 20200827  |g RCR 
942 |c BK